| 000 | 00413nam a22001577a 4500 | ||
|---|---|---|---|
| 003 | LK-CoDNM | ||
| 005 | 20240919142749.0 | ||
| 008 | 240816b |||||||| |||| 00| 0 eng d | ||
| 040 |
_aLK-CoDNM _dLK-CoDNM _eLK-CoDNM |
||
| 041 | _aeng | ||
| 080 | _bGP1906-Vol.VIII | ||
| 245 | _aThe new law reports - 1906 vol 8 | ||
| 260 |
_aColombo _bGovernment printers _c1906 |
||
| 300 | _bxxxiv, 383p. ; 24 cm | ||
| 942 | _cBK | ||
| 999 |
_c148262 _d148262 |
||